The USA Midterms 2010 Quiz Stats

 Plays Quiz not verified by Sporcle

Score 0/30 Timer 10:00
0 Plays Today
Category Answer % Correct
The CandidatesVietnam
92.6%
The CampaignTea Party movement
88.3%
The CandidatesWitch
87.4%
The CandidatesRon Paul
83.5%
The CampaignThe economy
83.5%
The CampaignMarijuana
83%
The ElectionAny of 13
80.9%
The ElectionAny of 14
77%
The Election51
74.8%
The ElectionNovember 2
74.3%
The CampaignWrite-in
72.2%
The CampaignCalifornia
71.3%
The ElectionNorth Dakota, Arkansas, Indiana, Wisconsin or Pennsylvania
71.3%
The CandidatesCharlie Crist
70.4%
The CandidatesSouth Carolina
64.3%
Category Answer % Correct
The Candidatesal-Qaida
63.5%
The ElectionThe World Series
62.6%
The CampaignRepublican In Name Only
61.7%
The ElectionNovember 8
61.7%
The CandidatesSharron Angle
60.4%
The Election218
60%
The CampaignRally to Restore Sanity or Rally to Keep Fear Alive
53.5%
The CandidatesShooting it
50%
The CampaignCitizens United v. Federal Election Commission
47%
The CandidatesStrom Thurmond
36.5%
The ElectionSecretary of State
36.5%
The CampaignAstroturfing
30.9%
The ElectionThe Motor Voter Act
27.4%
The Candidates'Governor Moonbeam'
26.5%
The CampaignPush polling
24.3%

You're not logged in!

Compare scores with friends on all Sporcle quizzes.
OR
Log In

Show Comments

Extras

Top Quizzes Today


Score Distribution

Your Account Isn't Verified!

In order to create a playlist on Sporcle, you need to verify the email address you used during registration. Go to your Sporcle Settings to finish the process.

Report this User

Report this user for behavior that violates our Community Guidelines.

Details: